000 00800nam a2200217Ii 4500
003 JO-AjNU
008 230605s9999||||xx |||||||||||||| ||und||
017 _a2001/8/1738
040 _aJO-AjNU
_bara
_erda
_cJO-AjNU
041 _aara
050 1 4 _aKMM361.3.U2276.2001
100 3 _a عبيدات ، رفعت عبد الحميد,
_eauthor
_927483
245 0 0 _aضريبة المبيعات خبرات وحلول وفقا للقانون المعدل رقم (36) لسنة 2000 المطبق اعتبارا من 2/1/2001
250 _aط1
264 3 1 _aعمان : رفعت عبد الحميد عبيدات ، 2001
300 _a479ص
336 _atext
_btxt
_2rdacontent
337 _aunmediated
_bn
_2rdamedia
338 _avolume
_bnc
_2rdacarrier
650 4 _aضريبة المبيعات
_927484
999 _aA10546
_c14114
_d14114